000 00658nam a22001937a 4500
003 OSt
005 20251127104017.0
008 251127b |||||||| |||| 00| 0 eng d
020 _a 971-8614-30-3.
040 _aDWCL-Admin lib
_cOC
082 _aFil. 510 G478e 2004
100 _aGillesania, Diego Inocencio T.
245 _aEngineering mathematics volume 2 /
_cDiego Inocencio T. Gillesania
260 _a Cebu :
_bGillesania Engineering Review and Training Center,
_cc2004.
300 _aVIII, 444 p. :
_bill. ;
_c20 cm.
504 _aIncludes index.
650 _a1. Mathematics-Engineering-Problems, exercises, etc.
942 _2ddc
_cBK - FIL
_kFil.
_n0
999 _c6441
_d6441